Marque de voiture #3732 - Statistiques

Statistiques générales
  • Ce quiz a été pris 182 fois
  • Le résultat moyen est 14 sur 16
Statistiques - réponses
Par images Réponse % Correct
BMW
99%
Ferrari
98%
Renault
98%
Lamborghini
97%
Peugeot
97%
Ford mustang
93%
Mini
93%
Tesla
93%
Audi
92%
Chevrolet
92%
Maserati
88%
Bugatti
79%
Mercedes
75%
Mg
69%
Dodge
66%
Rolls royce
45%
Aucun quiz correspondant
Distribution des résultats
% des personnes avec chaque résultat
Percentile par nombre de réponses
Votre historique - résultats
Vous n’avez pas pris ce quiz